00673 2200253 4500001002100000005001700021008004100038020002200079035002400101040001200125041000800137082001000145090001600155100002200171245003500193250001000228260003300238300003800271504002600309600003800335650001200373990001700385990001700402YOGYA-0113000000123220130121110034.0 ind  a978-602-8453-01-1 0010-011300000001232 aYOPDYOG aInd a641.5 a641.5 Dha K aDHARMAPUTRA, T.S. aKumpulan resep sepanjang masa. aCet.2 aJakartabKriya Pustakac2011 aXXX, 758 hlmbilusc25 cm (2 eks) aBibliografi: hlm. 752 aKiki Sulistyanni ; Ari Dwi Astuti aMasakan a321-RBM/B.12 a322-RBM/B.12